Managing AIDS : organizational responses in six European countries /

Saved in:
Bibliographic Details
Corporate Author: European Centre for Social Welfare Policy and Research
Other Authors: Marin, Bernd, 1948-, Kenis, Patrick
Format: Book
Language:English
Published: Aldershot : Ashgate, c1997.
Series:Public policy and social welfare ; v.18
Subjects:
LEADER 03039cam a2200529 a 4500
001 c000394676
003 CARM
005 20130903114011.0
008 130903s1997 enkabk b 000 0 eng d
010 |a 98149925 
015 |a GB98-15295 
016 7 |a 9816719  |2 DNLM 
019 1 |a 13707533  |5 LACONCORD2021 
020 |a 1859721265 (pbk.) :  |c L.25.00 
035 |a (OCoLC)38535852  |5 LACONCORD2021 
040 |a UkOxU  |b eng  |c UkOxU  |d Uk  |d TOC  |d ANL 
042 |a lccopycat 
043 |a e------ 
050 0 0 |a RA644.A25  |b M348 1997 
050 4 |a RA644.A25  |b M37 1997 
060 0 0 |a 1998 J-441 
060 1 0 |a WC 503  |b M2665 1997 
082 0 0 |a 362.19697920094  |2 21 
245 0 0 |a Managing AIDS :  |b organizational responses in six European countries /  |c Patrick Kenis, Bernd Marin (Eds.). 
260 |a Aldershot :  |b Ashgate,  |c c1997. 
300 |a xiv, 384 p. :  |b ill., forms, 1 map ;  |c 25 cm. 
490 1 |a Public policy and social welfare ;  |v v.18 
504 |a Includes some bibliographical references. 
504 |a Includes bibliographical references. 
500 |a "European Centre Vienna." - Cover. 
505 0 |a Ch. 1. Managing AiDS: Analysing the Organizational Responses to HIV/AIDS in European Countries / Patrick Kenis and Bernd Marin -- Ch. 2. Managing AIDS: The Swiss Case (1983-1992) / Danielle Butschi, Sandro Cattacin and Christine Panchaud -- Ch. 3. The Netherlands: The Strong Civil Society Response / Ineke Kester, Bert de Vroom and Armand van Wolferen -- Ch. 4. The Role of Non-Profit Organizations in Managing HIV/AIDS in Sweden / Dagmar van Walden Laing and Victor A. Pestoff -- Ch. 5. Managing AIDS in Flanders (Belgium) / Koen Matthijs and Hilde Degezelle -- Ch. 6. Managing AIDS. Organizational Responses to HIV/AIDS in Austria / Patrick Kenis and Christiana Nostlinger -- Ch. 7. Managing AIDS in Italy / Emma Fasolo -- Annex I. Reported AIDS Cases in Selected European Countries -- Annex II. "Managing AIDS" - The Role of Private Non-profit Institutions in Public Health and Welfare Policy. Original Research Design / Bernd Marin and Patrick Kenis. 
505 8 |a Annex III. European AIDS Service Organizations Inventory Sheet / Bernd Marin and Patrick Kenis -- Annex IV. "Managing AIDS" Questionnaire / Bernd Marin and Patrick Kenis. 
650 0 |a Medical care  |z Europe. 
650 0 |a AIDS (Disease)  |z Europe. 
650 0 |a AIDS (Disease)  |x Patients  |x Services for  |z Europe. 
650 0 |a Health surveys  |z Europe. 
650 0 |a Public health  |z Europe. 
650 0 |a Medical care  |z Europe. 
700 1 |a Marin, Bernd,  |d 1948- 
700 1 |a Kenis, Patrick. 
710 2 |a European Centre for Social Welfare Policy and Research 
852 8 |b CARM  |p 0594934  |f BK 
852 8 |b SCAN  |h A3:AH07F0  |i C12958  |p 0594934  |f BK 
830 0 |a Public policy and social welfare ;  |v v.18 
999 f f |i 8e8b2d9a-ae8f-597f-9eaa-aa7257eba281  |s 82f41e7b-bb95-598f-a8c0-34a840e8219a 
952 f f |p Can circulate  |a CAVAL  |b CAVAL  |c CAVAL  |d CARM 1 Store  |i book  |m 0594934 
952 f f |a CAVAL  |b CAVAL  |c CAVAL  |d Unmapped Location  |e C12958  |f A3:AH07F0  |h Other scheme